书目信息 |
| 题名: |
2007全国出版发行单位名录大全
|
|
| 作者: | ;中国书刊发行业协会 编 | |
| 分册: | ||
| 出版信息: | 北京 科学出版社 2004.01 |
|
| 页数: | 1094页 | |
| 开本: | 21cm | |
| 丛书名: | ||
| 单 册: | ||
| 中图分类: | G239.22-62 | |
| 科图分类: | ||
| 主题词: | 出版发行机构--中国--名录 , 出版社--中国--名录 | |
| 电子资源: | ||
| ISBN: | 7-80191-365-5 | |
| 000 | 00933nam0 2200253 450 | |
| 001 | 0104000022 | |
| 005 | 20051012111123.1 | |
| 010 | @a7-80191-365-5@dCNY50.00 | |
| 100 | @a20081201d2004 ekmy0chiy0120 ea | |
| 101 | 0 | @achi |
| 102 | @aCN@b110000 | |
| 105 | @aa giz 000yy | |
| 106 | @ar | |
| 200 | 1 | @a2007全国出版发行单位名录大全@A2007 quan guo chu ban fa xing dan wei ming lu da quan@f中国书刊发行业协会编@FZhong Guo Shu Kan Fa Xing Ye Xie Hui Bian |
| 210 | @a北京@c科学出版社@d2004.01 | |
| 215 | @a1094页@c图@d21cm | |
| 330 | @a本书对近年来出版发行单位发生变动的情况进行了全新登录,而且增加了全国县级市新华书店的有关资料。共收录了4475家出版发行单位。 | |
| 606 | 0 | @a出版发行机构@y中国@j名录 |
| 606 | 0 | @a出版社@y中国@j名录 |
| 690 | @aG239.22-62@v4 | |
| 711 | 02 | @a中国书刊发行业协会@AZhong Guo Shu Kan Fa Xing Ye Xie Hui@4编 |
| 801 | 0 | @aCN@bHTDF@c20081201 |
| 905 | @aBZT@dG239.22-62@e1@f10 | |
| 906 | @dCNY50.00@n0@r1 | |
| 2007全国出版发行单位名录大全/中国书刊发行业协会编.-北京:科学出版社,2004.01 |
| 1094页:图;21cm |
| ISBN 7-80191-365-5:CNY50.00 |
| 本书对近年来出版发行单位发生变动的情况进行了全新登录,而且增加了全国县级市新华书店的有关资料。共收录了4475家出版发行单位。 |
| ● |
| 相关链接 |
|
|
|
正题名:2007全国出版发行单位名录大全
索取号:G239.22-62/1
 
预约/预借
| 序号 | 登录号 | 条形码 | 馆藏地/架位号 | 状态 | 备注 |
| 1 | 700922 | 2000700922 | 中心书库北库/ 北库032架B面2列4层2/ [索取号:G239.22-62/1] | 在馆 | |
| 2 | 700923 | 2000700923 | 中心书库北库/ 北库032架B面2列4层22/ [索取号:G239.22-62/1] | 在馆 | |
| 3 | 700924 | 2000700924 | 中心书库北库/ 北库032架B面2列4层23/ [索取号:G239.22-62/1] | 在馆 | |
| 4 | 700925 | 2000700925 | 中心书库北库/ 北库032架B面2列4层16/ [索取号:G239.22-62/1] | 在馆 | |
| 5 | 700926 | 2000700926 | 中心书库北库/ 北库032架B面2列4层17/ [索取号:G239.22-62/1] | 在馆 | |
| 6 | 700927 | 2000700927 | 中心书库北库/ 北库032架B面2列4层18/ [索取号:G239.22-62/1] | 在馆 | |
| 7 | 700928 | 2000700928 | 中心书库北库/ 北库032架B面2列4层20/ [索取号:G239.22-62/1] | 在馆 | |
| 8 | 700929 | 2000700929 | 中心书库北库/ 北库032架B面2列4层1/ [索取号:G239.22-62/1] | 在馆 | |
| 9 | 700930 | 2000700930 | 中心书库北库/ 北库032架B面2列4层19/ [索取号:G239.22-62/1] | 在馆 | |
| 10 | 700931 | 2000700931 | 中心书库北库/ 北库032架B面2列4层21/ [索取号:G239.22-62/1] | 在馆 |